Morbius Movie - Statistics

General Stats
  • This quiz has been taken 348 times
  • The average score is 33 of 45
Answer Stats
Question Tile Select % Correct
Morbius Not this Answer No
93%
Morbius Not this Answer No
92%
Morbius Not this Answer No
91%
Morbius Japanese Not this Answer No
89%
Morbius Japanese Not this Answer No
89%
Morbius Japanese Not this Answer No
88%
Morbius Japanese Yes
87%
Morbius Japanese No
86%
Morbius Big Not this Answer No
86%
Morbius Big Not this Answer No
86%
Morbius Big Not this Answer No
85%
Jared Leto Happy Not this Answer No
84%
Jared Leto Happy Not this Answer No
84%
Jared Leto Menacing Not this Answer No
84%
Jared Leto Menacing Not this Answer No
84%
Jared Leto Happy Not this Answer No
83%
Jared Leto Menacing Not this Answer No
83%
Morbius Japanese No
82%
Jared Leto Menacing Yes
82%
Morbius Japanese No
81%
Jared Leto Menacing No
80%
Jared Leto Happy No
79%
Jared Leto Happy No
79%
Jared Leto Happy No
79%
Morbius Japanese No
78%
Morbius Big No
78%
Jared Leto Menacing No
78%
Jared Leto Menacing No
78%
Jared Leto Menacing No
78%
Morbius Yes
77%
Morbius No
77%
Jared Leto Happy No
77%
Jared Leto Menacing No
77%
Morbius Big No
76%
Morbius Japanese No
75%
Morbius Big No
74%
Morbius Big No
72%
Jared Leto Happy Yes
71%
Jared Leto Happy No
63%
Morbius No
49%
Morbius No
38%
Morbius No
37%
Morbius Big Yes
17%
Morbius No
10%
Morbius Big No
10%
No matching quizzes found
Score Distribution
Percent of People with Each Score
Percentile by Number Answered
Your Score History
You have not taken this quiz